000
00269nam a22001217a 4500
082
_a
070.43 DOU'I
100
_a
DOUGALL, C. D MAC
_9
77831
245
_a
INTERPRETATIVE REPORTING
250
_a
6TH
260
_a
NEWYORK
_b
MACMILLAN
_c
1972
300
_a
536P
942
_c
BK
999
_c
583040
_d
583040